Tam quốc diễn nghĩa; T1 [Trọn bộ 3 tập]

שמור ב:
מידע ביבליוגרפי
מחבר ראשי: La Quán Trung
פורמט: ספר
שפה:Undetermined
יצא לאור: Hà Nội Văn Học 1999
נושאים:
תגים: הוספת תג
אין תגיות, היה/י הראשונ/ה לתייג את הרשומה!
Thư viện lưu trữ: Trung tâm Học liệu Trường Đại học Cần Thơ
LEADER 00549nam a2200181Ia 4500
001 CTU_35871
008 210402s9999 xx 000 0 und d
082 |a 895.13 
082 |b Tr513/T1 
100 |a La Quán Trung 
245 0 |a Tam quốc diễn nghĩa; T1 
245 0 |b [Trọn bộ 3 tập] 
245 0 |c La Quán Trung, Phan Kế Bính 
260 |a Hà Nội 
260 |b Văn Học 
260 |c 1999 
650 |a chinese literature,historical fiction, chinese 
980 |a Trung tâm Học liệu Trường Đại học Cần Thơ